| 000 | 00539nam a2200217Ia 4500 | ||
|---|---|---|---|
| 003 | OSt | ||
| 005 | 20220924134545.0 | ||
| 006 | a|||||r|||| 00| 0 | ||
| 007 | ta | ||
| 008 | 220923b |||||||| |||| 00| 0 snd d | ||
| 024 | _a276608 | ||
| 037 | _cTextual | ||
| 040 |
_aARTS _cARTS _bsnd |
||
| 041 |
_2snd _asnd |
||
| 082 | _aO1593,3(Y11), M2 | ||
| 100 |
_aRam chandani _9208678 |
||
| 245 | 0 | _aBhali aayo artvaar | |
| 260 | _c1982 | ||
| 942 |
_hO1593,3(Y11), M2 _cTEXL _2CC |
||
| 999 |
_c437784 _d437784 |
||